000 00404nam a2200157Ia 4500
003 GCL
008 140319s9999 xx 000 0 eng d
040 _aGCL /
_cGCL
082 0 4 _a301
_bC S
100 1 _aCALHOUN, CRAIG
245 1 0 _aSOCIAL THEORY AND THE POLITICS OF IDENTITY /
_cCALHOUN, CRAIG
260 _a[S.N] :
_bBLACK WELL ،
_c1994
300 _a350 P
650 0 4 _aTHEORIES
942 _2ddc
_cBK
999 _c10781
_d10781